[Event "2nd Guotai Cup Belt Road 2019"]
[Site "Qinhuangdao"]
[Date "2019.04.19"]
[Round "4.8"]
[White "Chu, Wei Chao"]
[Black "Idani, Pouya"]
[Result "0-1"]
[WhiteElo "2387"]
[BlackElo "2590"]
[Annotator "TA"]
[PlyCount "222"]
[EventDate "2019.04.16"]
[EventType "swiss"]
[EventCountry "CHN"]
[SourceTitle "playchess.com"]
[Source "ChessBase"]
[SourceQuality "1"]

{[%evp 25,222,40,47,29,40,16,33,29,48,53,63,32,37,31,50,0,0,0,0,0,0,0,0,-7,0,0,0,-29,-25,-13,-18,-20,-18,-46,-38,-31,-20,-14,-24,-87,-89,-110,-45,-74,-75,-88,-61,-89,-85,-85,-82,-222,-115,-189,-177,-245,-79,-86,-85,-80,-71,-89,-89,-100,-86,-106,-107,-121,-88,-102,0,-116,-104,-129,-82,-82,-94,-91,-55,-63,-56,-62,-42,-39,-20,-20,-25,-39,-39,-37,0,-37,-36,-36,-39,-42,-32,-32,-21,-45,-41,-52,-21,-91,-91,-85,-80,-81,-81,-98,-81,-81,-81,-81,-81,-132,-136,-168,-113,-129,-119,-136,-136,-136,-132,-164,-142,-164,-121,-167,-164,-164,-164,-164,-164,-167,-164,-164,-157,-157,-141,-166,-151,-157,-165,-244,-241,-450,-259,-443,-443,-443,-300,-549,-549,-519,-478,-478,-476,-468,-467,-451,-432,-811,0,-367,-373,-436,-418,-651,0,-840,-1644,-1604,-1378,-1067,-829,-4641,-3925,-1870,-1548,-842,-536,-536,-536,-536,-536,-536,-536,-536,-504,-797,-784,-4666,-4666,-4655,-4622,-456,-375]} 1. d4 Nf6 2. c4 e6 3. Nf3 c5 4. d5 d6 5. Nc3 exd5 6. cxd5 g6 7. e4 a6 8. a4 Bg4 9. Be2 Bxf3 10. Bxf3 Bg7 11. Bf4 O-O 12. O-O Ne8 13. Re1 Nd7 14. Be2 {A75: Modern Benoni: Classical: 9...a6 10 a4 Bg4} Rb8 (14... Qc7 15. Bf1 Nef6 16. Qc2 Rfe8 17. h3 Rac8 18. Bh2 c4 19. Kh1 Nc5 20. Rad1 Nfd7 21. Bxc4 Nxa4 22. Qxa4 {½-½ (30) Barus,C (2443)-Ghaem Maghami,E (2606) Jakarta 2011}) 15. Qc2 Qe7 16. Bf1 {White is slightly better.} Nef6 $146 ({Predecessor:} 16... Nc7 17. Bg3 g5 18. f3 Be5 19. Bxe5 Qxe5 20. g3 Qf6 21. Kg2 Ne5 {0-1 (49) Biliskov,V (2292)-Rogulj,B (2404) Biograd na Moru 2018}) 17. Qd2 Rfe8 18. h3 Nh5 19. Bg5 Qf8 20. g4 h6 21. Be3 Nhf6 22. Qc2 Ne5 {Strongly threatening ...Nf3+.} 23. Bg2 Nc4 24. Bc1 b5 25. axb5 axb5 26. Nxb5 {[%mdl 64] Remove Defender} Rxb5 27. Qxc4 Rb4 28. Qc2 Nxd5 29. Rd1 Nc7 30. Ra4 Reb8 31. Rxb4 Rxb4 32. b3 (32. Bf1 $1 $11 {keeps the balance.}) 32... Ne6 $17 33. Be3 Qb8 (33... Qe7 $17 34. Qa2 Bd4) 34. e5 Bxe5 35. Bd5 Kh7 36. Qd2 Qf8 37. Bc4 Bd4 38. Bf4 (38. Qd3 $17) 38... Qe7 (38... Qa8 $19 {aiming for ...Qf3.} 39. Bxd6 Ng5) 39. Qe2 (39. Be3 $17) 39... Qd7 $19 40. Bd2 {[#]} (40. Bxe6 {was called for.} fxe6 41. Be3) 40... Rb8 $2 (40... d5 $1 $19 {[%cal Rd5c4]} 41. Bxb4 dxc4) 41. Qf3 $17 Kg7 42. Re1 Be5 43. Be3 Qe7 44. Rd1 Qf6 45. Qe4 Re8 46. Qc6 Rd8 47. Qe4 Re8 48. Qc6 $1 {[%cal Rc6e8]} Re7 49. Kg2 Nf4+ 50. Bxf4 Qxf4 51. Qf3 Qh2+ 52. Kf1 Ra7 53. Re1 Rd7 54. Bd5 Re7 55. Re4 Rc7 56. Re2 Ra7 57. Ra2 Rc7 (57... Rd7 {keeps more tension.} 58. Re2 Qf4 59. Qxf4 Bxf4 60. Re4 g5) 58. Re2 Qf4 (58... g5 {seems wilder.} 59. Re4 Bb2 60. Re8 Ra7 61. Ra8 Re7) 59. Qxf4 Bxf4 $15 {[%mdl 4096] Endgame KRB-KRB} 60. Re4 Be5 61. f4 Bd4 62. Re8 Ra7 63. Ke2 Ra2+ 64. Kf3 (64. Kd3 $11) 64... Rf2+ $17 65. Kg3 Rd2 66. Bc4 Bf6 67. Re2 Rd4 68. Re3 d5 69. Be2 Rd2 {And now ...d4 would win.} 70. Kf3 (70. Bb5 $142) 70... Rb2 71. Bd1 {[#]} Bd4 ({Better is} 71... Rh2 $1 $19 72. Rd3 Rxh3+ 73. Ke2 Rh2+ 74. Kf3 d4) 72. Re2 Rb1 73. Bc2 Rf1+ 74. Kg3 Kf6 75. Bd3 Rg1+ 76. Kf3 Rd1 77. Bc2 Rf1+ 78. Kg3 g5 79. fxg5+ hxg5 80. Kg2 Rg1+ 81. Kh2 Rc1 82. Kg2 Be5 83. Rd2 Ke6 84. Bf5+ Kd6 85. Be4 (85. Bh7 $142) 85... Bd4 $19 86. Bf3 $2 (86. Bc2 {might work better.}) 86... Rg1+ 87. Kh2 Rb1 88. Rd3 Rb2+ 89. Kh1 $2 (89. Bg2) 89... Ke5 {...c4! is the strong threat.} 90. Bg2 f6 91. Rf3 Kd6 92. Bf1 Kc6 93. Rd3 Be5 94. Kg1 (94. Rf3 $142) 94... Bd4+ (94... c4 $142 95. bxc4 dxc4) 95. Kh1 Kb6 96. Rf3 Be5 97. Rd3 (97. Kg1 $142) 97... Kc6 98. Kg1 c4 {Black is clearly winning.} 99. bxc4 dxc4 100. Rd1 c3 101. Bg2+ Kc5 {( -> ...c2)} 102. Be4 Bf4 103. Rd8 Kb4 104. Rc8 Re2 105. Bg6 Kb3 106. Kf1 Rh2 107. Rc6 c2 108. Kg1 (108. Rb6+ $142 Kc3 109. Rc6+ Kb2 110. Rb6+ Kc1 111. Rxf6) 108... Rd2 109. Bxc2+ Rxc2 110. Rxf6 Bg3 111. Rf3+ Rc3 {Accuracy: White = 46%, Black = 61%.} 0-1

[Event "2nd Guotai Cup Belt Road 2019"]
[Site "Qinhuangdao"]
[Date "2019.04.19"]
[Round "4.9"]
[White "Karthik Venkataraman"]
[Black "Hu, Yu A."]
[Result "1-0"]
[WhiteElo "2505"]
[BlackElo "2051"]
[Annotator "ChessBase"]
[PlyCount "67"]
[EventDate "2019.04.16"]
[EventType "swiss"]
[EventCountry "CHN"]
[SourceTitle "playchess.com"]
[Source "ChessBase"]
[SourceQuality "1"]
[TimeControl "5400+30"]

1. d4 {[%emt 0:01:24]} Nf6 {[%emt 0:00:00]} 2. Bg5 {[%emt 0:00:10]} Ne4 {[%emt 0:00:09]} 3. Bf4 {[%emt 0:00:05]} d5 {[%emt 0:02:14]} 4. e3 {[%emt 0:00:06]} c5 {[%emt 0:03:45]} 5. Bd3 {[%emt 0:00:05]} Nf6 {[%emt 0:03:52]} 6. Nc3 {[%emt 0:00:30]} cxd4 {[%emt 0:05:43]} 7. exd4 {[%emt 0:01:45]} e6 {[%emt 0:00:53]} 8. Nb5 {[%emt 0:00:32]} Na6 {[%emt 0:00:07]} 9. c3 {[%emt 0:00:04]} Be7 {[%emt 0:00:37]} 10. h3 {[%emt 0:00:35]} O-O {[%emt 0:00:47]} 11. Nf3 {[%emt 0:00:05]} Bd7 {[%emt 0:00:31]} 12. a4 {[%emt 0:00:07]} Bxb5 {[%emt 0:04:28]} 13. axb5 {[%emt 0:00:08]} Nb8 {[%emt 0:00:06]} 14. O-O {[%emt 0:00:24]} Nbd7 {[%emt 0:00:30]} 15. b3 {[%emt 0:00:57]} Nb6 {[%emt 0:13:49]} 16. c4 {[%emt 0:00:29]} dxc4 {[%emt 0:01:28]} 17. bxc4 {[%emt 0:00:05]} g6 {[%emt 0:00:36]} 18. Qe2 {[%emt 0:00:51]} Qd7 {[%emt 0:00:32]} 19. Rfe1 {[%emt 0:04:34]} Nh5 {[%emt 0:08:53]} 20. Be5 {[%emt 0:02:06]} Rfd8 {[%emt 0:01:43]} 21. Qe3 {[%emt 0:00:27]} Qc8 {[%emt 0:12:53]} 22. g4 {[%emt 0:09:55]} Nf6 {[%emt 0:00:54]} 23. Qh6 {[%emt 0:00:22]} Bf8 {[%emt 0:00:33]} 24. Qh4 {[%emt 0:01:08]} Nfd7 {[%emt 0:00:43]} 25. Bf4 {[%emt 0:11:24]} Bg7 {[%emt 0:00:57]} 26. Rac1 {[%emt 0:00:45]} e5 {[%emt 0:13:37]} 27. dxe5 {[%emt 0:00:51]} Nc5 {[%emt 0:00:05]} 28. Bf1 {[%emt 0:02:30]} Nb3 {[%emt 0:05:48]} 29. Rcd1 {[%emt 0:07:37]} Rxd1 {[%emt 0:01:20]} 30. Rxd1 {[%emt 0:00:04]} Nxc4 {[%emt 0:00:38]} 31. Ng5 {[%emt 0:01:04]} h6 {[%emt 0:02:12]} 32. Nxf7 {[%emt 0:00:12]} Ncd2 {[%emt 0:02:50]} 33. Nxh6+ {[%emt 0:00:42]} Bxh6 {[%emt 0:00:17]} 34. Qxh6 {[%emt 0:00:05]} 1-0

[Event "2nd Guotai Cup Belt Road 2019"]
[Site "Qinhuangdao"]
[Date "2019.04.19"]
[Round "4.10"]
[White "Fang, Yuxiang"]
[Black "Zhao, Chenxi"]
[Result "1/2-1/2"]
[WhiteElo "2472"]
[BlackElo "2367"]
[Annotator "TA"]
[PlyCount "88"]
[EventDate "2019.04.16"]
[EventType "swiss"]
[EventCountry "CHN"]
[SourceTitle "playchess.com"]
[Source "ChessBase"]
[SourceQuality "1"]

{[%evp 14,88,58,53,45,46,71,47,53,44,77,24,54,23,22,15,12,21,50,50,27,-29,0,-25,-30,-163,-160,-166,-160,-159,-160,-141,-164,-150,-142,-159,-134,-138,-133,-131,-138,-132,-134,-137,-134,-116,-97,-172,-55,-60,-67,-281,-281,-306,-296,-293,-278,-224,-163,-214,-206,-137,-173,-66,0,0,0,0,0,0,0,0,0,0,0,0,0]} 1. Nf3 Nf6 2. c4 g6 3. Nc3 Bg7 4. e4 d6 5. d4 O-O 6. h3 c6 7. Bg5 a6 8. Bd3 b5 {E90: King's Indian: Classical: Early deviations and 6 h3} 9. O-O Re8 $146 (9... Bb7 10. Qe2 h6 11. Be3 Nfd7 12. Rfd1 e5 13. dxe5 dxe5 14. b4 Qe7 15. a3 f5 16. Bc2 {1-0 (37) Fang,Y (2503)-Zhao,C (2096) Shenzhen 2016}) ({Predecessor:} 9... Bb7 10. Re1 h6 11. Be3 Nfd7 12. Qd2 Kh7 13. e5 c5 14. exd6 exd6 15. d5 bxc4 16. Bxc4 {1-0 (50) Potkin,V (2597)-Tissir,M (2387) St Petersburg 2018}) 10. Qe2 e5 {White is slightly better.} 11. dxe5 dxe5 12. b4 (12. Rfd1 $16) 12... h6 13. Be3 (13. Bxf6 $5 Qxf6 14. a4 $14) 13... Nh5 14. Rad1 {[%cal Rc4b5]} Qe7 15. a3 Nf4 16. Bxf4 $1 exf4 17. Qd2 ({White should try} 17. e5) 17... Rd8 18. c5 Be6 19. e5 {[#]} (19. Ne2 $11 {and White stays safe.}) 19... Bb3 $1 $19 20. Rc1 Bc4 21. Ne1 Qxe5 22. Qc2 Bxd3 23. Nxd3 Qf5 24. Rfd1 Nd7 25. Qe2 Ne5 26. Nxe5 Qxe5 27. Rxd8+ Rxd8 28. Qf3 Rd4 $36 {[%mdl 2048] aiming for ...Rc4. Black has strong initiative.} 29. Ne2 ({Avoid the trap} 29. Qxc6 $2 Rc4 $19) 29... Re4 30. Rc2 (30. Kf1 $17) 30... f5 ({Black should play} 30... Bf6 $19 31. Kh2 Kg7) 31. Rd2 Kh7 32. Kh2 $2 {[#]} ({Better is} 32. Qd3 $1 $15) 32... Re3 $1 {[%cal Re3f3][%mdl 512]} 33. Qxc6 (33. fxe3 fxe3+) 33... Rxe2 34. Rxe2 Qxe2 35. f3 {intending Qd7.} Qe7 {White must now prevent ...Bf6.} 36. Qxa6 h5 37. Qxb5 Bd4 38. Qc4 Qe3 (38... Bf2 $15 39. Qxf4 Be3) 39. Qf7+ $11 {The position is equal.} Kh6 {[%csl Gd4][%cal Re3g1]} (39... Kh8 $5 40. Qf8+ $8 Kh7 41. Qf7+ Kh6 42. Qf8+ Bg7 $15) 40. Qf8+ Bg7 (40... Kg5 $5 41. Qd8+ $8 Kh6 42. Qf8+ Bg7 $11) 41. Qd8 $1 Bd4 {[%csl Gd4][%cal Re3g1]} (41... Qxa3 $5 42. c6 $8 Qa1 $11) 42. Qf8+ Bg7 (42... Kg5 $5 43. Qd8+ $8 Kh6 44. Qf8+ $11) 43. Qd8 $1 Bd4 {[%csl Gd4][%cal Re3g1]} (43... Qxa3 $5 44. c6 $8 Qe3 $11) 44. Qf8+ Bg7 {Accuracy: White = 54%, Black = 74%.} (44... Kg5 $5 45. Qd8+ $8 Kh6 $11) 1/2-1/2

[Event "2nd Guotai Cup Belt Road 2019"]
[Site "Qinhuangdao"]
[Date "2019.04.20"]
[Round "5.1"]
[White "Oparin, Grigoriy"]
[Black "Antipov, Mikhail Al."]
[Result "1/2-1/2"]
[WhiteElo "2624"]
[BlackElo "2605"]
[Annotator "TA"]
[PlyCount "38"]
[EventDate "2019.04.16"]
[EventType "swiss"]
[EventCountry "CHN"]
[SourceTitle "playchess.com"]
[Source "ChessBase"]
[SourceQuality "1"]

{[%evp 9,38,34,24,16,16,16,19,22,19,13,26,0,0,0,6,0,0,0,7,0,4,0,0,0,0,0,0,0,0,0,0]} 1. d4 Nf6 2. c4 c6 3. Nc3 d5 4. e3 a6 5. Nf3 Bf5 6. cxd5 {D15: Slav Defence: 4 Nc3 a6 and gambit lines after 4 Nc3 dxc4} (6. Qb3 Ra7 7. Nh4 Bc8 8. Bd2 e6 9. c5 Nbd7 10. Nf3 e5 11. Nxe5 Nxe5 12. dxe5 Nd7 13. Na4 Bxc5 14. Nxc5 Nxc5 {0-1 (84) Radjabov,T (2757)-Fedoseev,V (2724) Wijk aan Zee 2019}) 6... cxd5 7. Ne5 Nc6 8. Qb3 Rb8 9. Be2 h5 (9... e6 {seems wilder.} 10. Qa4 Qc7 11. g4 Be4 12. O-O Bd6) 10. Nxc6 $146 (10. Bd2 {with more complications.} g6 11. O-O Bg7 12. f3 Qd6 13. Be1) ({Predecessor:} 10. O-O e6 11. Qa4 Bd6 12. Nxc6 bxc6 13. Qxc6+ Kf8 14. Qxa6 Ra8 15. Qb7 Rb8 16. Qa6 Ra8 17. Qb7 Rb8 18. Qa6 Ra8 {½-½ (18) Xu,Y (2539)-Antipov,M (2597) Qinhuangdao 2018}) 10... bxc6 {The position is equal.} 11. Qa4 Qc7 12. b3 ({Not} 12. Bxa6 $2 Ra8 $19) 12... a5 13. Ba3 Qb7 14. O-O $36 {[%mdl 2048] White has some pressure.} Nd7 {[#] Strongly threatening ...Nb6.} 15. Qxa5 Ra8 $1 {[%cal Ra8a5]} 16. Qb4 Qa7 17. Qa4 $1 Qb7 18. Qb4 Qa7 19. Qa4 $1 Qb7 {Accuracy: White = 79%, Black = 89%.} 1/2-1/2

[Event "2nd Guotai Cup Belt Road 2019"]
[Site "Qinhuangdao"]
[Date "2019.04.20"]
[Round "5.2"]
[White "Yilmaz, Mustafa"]
[Black "Dai, Changren"]
[Result "1/2-1/2"]
[WhiteElo "2631"]
[BlackElo "2472"]
[Annotator "TA"]
[PlyCount "137"]
[EventDate "2019.04.16"]
[EventType "swiss"]
[EventCountry "CHN"]
[SourceTitle "playchess.com"]
[Source "ChessBase"]
[SourceQuality "1"]

{[%evp 13,137,12,10,7,21,11,30,31,37,13,36,41,64,35,57,42,44,48,52,66,50,50,77,72,86,72,83,87,87,94,87,87,85,79,77,41,41,40,47,48,154,137,238,97,114,102,245,217,256,258,205,190,178,133,131,137,104,127,109,0,8,8,0,0,0,0,0,0,0,0,0,0,77,0,0,0,0,-77,-16,-240,-234,-208,-197,-179,-31,-161,0,0,0,0,0,0,0,0,0,0,0,0,0,0,0,-201,0,0,0,-61,-72,-71,0,0,0,0,0,-57,-81,-174,0,0,0,0,0,0,0,0,0,0]} 1. c4 e6 2. Nc3 d5 3. d4 Be7 4. cxd5 exd5 5. Bf4 c6 6. e3 Bf5 7. Nge2 Nd7 8. h4 {D31: Queen's Gambit Declined: Semi-Slav without ...Nf6 (+ Marshall Gambit and Noteboom) and Exchange Variation lines without ...Nf6} Ngf6 9. f3 $146 ({Predecessor:} 9. Ng3 Be6 10. Bd3 O-O 11. Nf5 Bxf5 12. Bxf5 Nb6 13. Qc2 Nc4 14. h5 h6 15. Bd3 Nd6 {1-0 (35) Dubov,D (2660)-Dominguez Perez,L (2739) Doha 2016}) 9... Nb6 10. g4 {White has an edge.} Be6 11. b3 h5 12. g5 Ng8 13. Qd2 Bb4 14. Ng3 Ne7 15. Be5 Bd6 16. f4 Bxe5 17. fxe5 Qd7 18. Bd3 a5 19. a4 Nf5 20. Nxf5 Bxf5 21. Bxf5 Qxf5 22. O-O-O Nc8 23. e4 dxe4 24. Kb2 (24. Rhf1 $5 {[%cal Rf1f5]} Qg4 25. d5 $14) 24... Ne7 25. Rhf1 Qg6 26. Qe2 O-O (26... e3 $1 $14) 27. Nxe4 $16 (27. Qxe4 $6 Rad8 $14) 27... b5 (27... Nd5 $16) 28. axb5 (28. Nf6+ $1 $18 Kh8 29. axb5 (29. Qxh5+ Qxh5 30. Nxh5 bxa4 $16)) 28... a4 29. b4 $1 Qe6 (29... Rfb8 $16 {was necessary.}) 30. Nc5 $18 Qd5 31. b6 Rfb8 32. b7 (32. Qxh5 g6 $11) 32... Ra7 33. Qd3 (33. Qxh5 Rbxb7 34. Ka1 Rxb4 $11) 33... Raxb7 34. Nxb7 Rxb7 35. Ka3 Qe6 36. Rc1 (36. Rb1 $16) 36... Nd5 $11 37. Rb1 Nc7 38. Rfc1 Nb5+ $40 {[%mdl 128] Black attacks.} 39. Kb2 Nxd4 $1 40. Qc4 (40. Qxd4 $2 Qb3+ 41. Ka1 Qa3#) 40... Qxe5 41. Ka2 $1 Nb5 42. g6 Nd6 (42... Qg3 $11 43. Rb2 Qxg6) 43. Qxc6 (43. Rd1 $1 $16) 43... Qe6+ 44. Ka1 fxg6 45. Rc3 (45. Rd1 $11 {remains equal.} Qe5+ 46. Ka2 Qe2+ 47. Ka1 Qe5+ 48. Ka2 Qe2+ 49. Ka1 Qe5+) 45... Qe5 $17 46. Qc5 $2 (46. Ka2 $11 {and White has nothing to worry.}) 46... Qf6 $19 47. Rb2 Rb5 ({Worse is} 47... Qxh4 48. Rd3 $15 (48. Qd5+ $2 Kh7 $19)) 48. Qc6 Rf5 ({But not} 48... Qxh4 49. Rd3 $17) ({Better is} 48... Kh7 $19 49. Ka2 Qd4) 49. Rd3 (49. b5 $15) 49... Rf2 $2 (49... a3 $1 $19 50. Rxa3 Rf1+ 51. Ka2 Qf7+ 52. Rbb3 Qf2+ 53. Rb2 Qf7+ 54. Rbb3 Rf6) 50. Qc3 $11 Rf1+ 51. Rb1 Rxb1+ 52. Kxb1 {[%mdl 4096] Endgame KQR-KQN} Qf1+ 53. Kc2 Qe2+ $1 54. Rd2 Qe6 55. Qd3 Qa2+ 56. Kd1 Qa1+ 57. Ke2 $2 (57. Kc2 $11 {and White is okay.} Nf5 58. Qc3 Qa2+ 59. Kd3 (59. Kc1 Qe6 $11) 59... Qb1+ 60. Kc4) 57... Qe5+ $2 ({Black should play} 57... Nf5 $1 $19 {Strongly threatening ...Kh7.} 58. b5 Kh7) 58. Kf3 Nf7 $1 {...Qe1 is the strong threat.} 59. Re2 (59. Qc4 $11) 59... Qf6+ $15 60. Kg2 {[#]} Kh7 (60... Nh6 $1 $17 {[%cal Rh6f5]} 61. Qc4+ Kh7) 61. Qf3 $1 $11 {[%cal Rf3f6] Black must now prevent Qxf6.} Qa6 $1 {[%cal Ra6b5] And now ...Qb5 would win.} 62. Re7 Nh6 {aiming for ...Nf5.} 63. Qf8 (63. Re8 $1 $11 Qc4 64. Qf8) 63... Qc6+ $1 $15 64. Kf1 {[#]} (64. Kf2 $17 {was called for.} Qc2+ 65. Ke1 Qb1+ 66. Ke2 Qc2+ 67. Ke1 Qc3+ 68. Kd1) 64... Nf5 $2 (64... Qc4+ $1 $19 65. Kg1 Qd4+ 66. Kf1 Qc4+ 67. Kg1 Qc1+ 68. Kf2 Qd2+ 69. Kg1 Qd4+ 70. Kf1 a3) 65. Re8 $11 {[%csl Ge8][%cal Rf8h8] The position is equal.} Qc1+ 66. Ke2 {[%csl Ge8][%cal Rf8h8]} Qc2+ 67. Ke1 {[%csl Ge8][%cal Rf8h8]} Qc1+ 68. Ke2 {[%csl Ge8][%cal Rf8h8]} Qc2+ 69. Ke1 {Accuracy: White = 51%, Black = 59%.} 1/2-1/2

[Event "2nd Guotai Cup Belt Road 2019"]
[Site "Qinhuangdao"]
[Date "2019.04.20"]
[Round "5.3"]
[White "Can, Emre"]
[Black "Xu, Yinglun"]
[Result "1/2-1/2"]
[WhiteElo "2599"]
[BlackElo "2532"]
[Annotator "TA"]
[PlyCount "117"]
[EventDate "2019.04.16"]
[EventType "swiss"]
[EventCountry "CHN"]
[SourceTitle "playchess.com"]
[Source "ChessBase"]
[SourceQuality "1"]

{[%evp 10,117,11,11,28,22,18,13,13,13,13,12,13,11,20,0,0,0,29,45,55,52,49,-65,0,0,0,0,0,0,0,0,0,0,23,26,11,35,53,43,44,47,56,48,83,80,81,50,52,56,61,63,58,58,82,44,50,49,65,63,58,60,73,74,78,82,94,54,113,89,144,117,129,79,98,29,57,31,60,22,82,22,24,0,4,0,0,0,8,0,0,0,0,0,0,0,0,0,0,0,0,-4,0,0,0,-8,0,0,0,-4]} 1. d4 d5 2. c4 e6 3. Nf3 Nf6 4. g3 dxc4 5. Bg2 c6 6. Ne5 c5 {E04: Open Catalan: 5 Nf3} (6... Bb4+ 7. Bd2 Be7 8. e3 b5 9. Nxc6 Nxc6 10. Bxc6+ Bd7 11. Bxa8 Qxa8 12. f3 e5 13. dxe5 Ng4 14. O-O Nxe5 {½-½ (27) Vidit,S (2711)-Vitiugov,N (2726) Prague 2019}) 7. Be3 Nd5 8. O-O Nd7 9. Nxc4 b5 10. Ne5 Nxe5 11. dxe5 Bb7 12. a4 b4 13. Qd3 Rc8 $146 ({Predecessor:} 13... Qc8 14. Nd2 {0-1 (41) Ballow,J (2422)-Sikorsky,H (2433) ICCF email 2011}) 14. Nd2 Be7 15. Rfc1 $1 O-O 16. Be4 (16. Nb3 $1 $14) 16... Nxe3 (16... Qc7 $1 $15) 17. Bxb7 $11 Qxd3 18. exd3 Rc7 19. fxe3 {[#] Hoping for Ba6.} Rxb7 20. Nb3 Rd7 21. d4 Bg5 22. Kf2 cxd4 23. Nxd4 Rd5 24. Nf3 $1 {[%cal Rf3g5]} Bd8 25. Ke2 Bb6 26. Rc4 Rfd8 27. Rxb4 Rd3 28. Ra3 Rxa3 $1 29. bxa3 $14 {[%mdl 4096] Endgame KRB-KRN} Kf8 30. Rb5 Rc8 31. Kd3 Ke7 32. Nd2 Rd8+ 33. Ke2 Rc8 34. Nb3 $1 Rb8 35. Kd3 Kd7 36. Ke4 Rc8 {[#]} 37. a5 $1 {[%cal Ra5b6]} Bd8 38. a4 Be7 (38... a6 $1 $14 39. Rb7+ Rc7) 39. Kd3 Rc7 ({Black should try} 39... Kc7) 40. Nd4 Kc8 41. Rb1 a6 42. g4 ({Better is} 42. Rb6 $16) 42... Bc5 $11 43. Nf3 Rd7+ 44. Ke4 Ba7 (44... Rd5 $11 {remains equal.}) 45. Rb2 (45. Rc1+ $16 Rc7 46. Rxc7+ Kxc7 47. Ng5) 45... Rd5 46. Ng5 Rxa5 {The position is equal.} 47. Nxf7 {Threatens to win with Nd6+.} Rxa4+ 48. Kf3 {aiming for Nd6+.} Bb8 49. Rb6 Bc7 $1 {[%cal Rc7b6]} 50. Nd6+ Kd7 51. Rb7 Kc6 52. Ra7 Ra3 53. Kf4 h6 {Black wants to play ...g5+.} 54. h4 Ra4+ 55. e4 Ra3 56. Nc4 Ra4 57. Nd6 Ra3 {...Bb6 is the strong threat.} 58. Nc4 Ra4 59. Nd6 {Accuracy: White = 62%, Black = 57%.} 1/2-1/2

[Event "2nd Guotai Cup Belt Road 2019"]
[Site "Qinhuangdao"]
[Date "2019.04.20"]
[Round "5.4"]
[White "Idani, Pouya"]
[Black "Karthik Venkataraman"]
[Result "1-0"]
[WhiteElo "2590"]
[BlackElo "2505"]
[Annotator "TA"]
[PlyCount "105"]
[EventDate "2019.04.16"]
[EventType "swiss"]
[EventCountry "CHN"]
[SourceTitle "playchess.com"]
[Source "ChessBase"]
[SourceQuality "1"]

{[%evp 9,105,10,29,25,26,17,20,8,44,54,50,58,48,50,60,56,79,69,95,84,71,56,68,58,62,72,70,77,64,70,89,61,79,69,58,50,74,79,71,88,81,66,84,73,87,73,81,81,79,81,81,81,73,81,81,81,175,175,156,157,152,148,167,166,174,175,220,214,247,238,224,244,514,512,681,681,2525,2510,2035,1685,1329,1035,2471,2387,1277,1126,6160,6079,7325,6325,6079,6325,5921,6079,6079,5061,2199,1532]} 1. e4 c5 2. Nf3 d6 3. d4 Nf6 4. dxc5 Nxe4 5. cxd6 Nc6 6. dxe7 {B53: Sicilian: 2...d6: Lines with Qxd4} (6. Bd3 Nxd6 7. O-O g6 8. Re1 Bg7 9. c3 O-O 10. h3 Bf5 11. Bxf5 Nxf5 12. Nbd2 Qc7 13. Ne4 Rad8 14. Qe2 b6 15. g4 Nd6 16. Bf4 e5 17. Nxd6 Rxd6 18. Nxe5 {0-1 (32) Anand,V (2786)-Nepomniachtchi,I (2751) Zuerich 2017}) 6... Qxd1+ 7. Kxd1 Bxe7 8. Be3 {The position is equal.} Bg4 9. Kc1 O-O-O 10. Nbd2 Nxd2 $146 ({Predecessor:} 10... Nd6 11. h3 Be6 12. a3 Bf6 13. Bd3 h6 {1-0 (47) Oleksienko,M (2608)-Bekker Jensen,S (2420) Reykjavik 2013}) 11. Nxd2 Bf5 12. c3 a6 13. Nf3 Bf6 14. Be2 b5 15. Rd1 Kb7 16. Bg5 Bxg5+ 17. Nxg5 Rhe8 18. Rd2 f6 19. Nf3 Be4 20. Kd1 Bd5 21. b3 Kb6 22. Rb1 g5 23. Rbb2 h6 24. Ne1 Ne5 25. Bh5 Rf8 26. f3 Kc7 27. Nc2 f5 28. Nb4 Bb7 {White should prevent ...a5.} 29. Rxd8 Rxd8+ 30. Rd2 Rxd2+ 31. Kxd2 $16 {[%mdl 4096] Endgame KBN-KBN} Kd6 32. Nc2 Bc6 (32... Ke7 $16) 33. Nd4 $18 Bd7 34. f4 gxf4 35. Ne2 a5 36. Nxf4 Bc6 37. Be2 b4 38. g3 Be4 39. cxb4 axb4 40. Nd3 Bxd3 $2 {[#]} (40... Nc6 41. Bh5 Kd5) 41. Bxd3 {KB-KN. White is clearly winning.} Nf3+ 42. Ke3 Nxh2 43. Bxf5 Ke5 44. Bh3 h5 {[#]} 45. Kd3 $1 {[%cal Rd3c4]} Kd5 46. Bg2+ Kc5 47. Ke4 Ng4 48. Bf3 Nf6+ 49. Ke5 Nd7+ 50. Kf5 Kd6 51. Bxh5 Nc5 52. Be2 Ne6 53. Bc4 {Accuracy: White = 92%, Black = 33%.} 1-0

[Event "2nd Guotai Cup Belt Road 2019"]
[Site "Qinhuangdao"]
[Date "2019.04.20"]
[Round "5.5"]
[White "Wang, Hao"]
[Black "Oleksiyenko, Mykhaylo"]
[Result "1/2-1/2"]
[WhiteElo "2726"]
[BlackElo "2598"]
[Annotator "TA"]
[PlyCount "117"]
[EventDate "2019.04.16"]
[EventType "swiss"]
[EventCountry "CHN"]
[SourceTitle "playchess.com"]
[Source "ChessBase"]
[SourceQuality "1"]

{[%evp 10,117,18,14,23,12,16,18,18,20,18,13,16,7,18,15,13,14,27,6,16,0,0,0,0,0,0,0,0,-14,0,0,12,0,33,33,33,31,43,0,14,20,57,53,44,50,58,14,12,13,16,0,0,0,0,0,0,-5,0,0,0,0,0,0,0,0,0,0,0,0,0,0,0,0,0,0,0,0,0,0,0,0,0,0,0,0,0,0,0,0,0,0,0,0,0,0,0,0,0,0,0,0,0,0,0,0,0,0,0,0]} 1. e4 e5 2. Nf3 Nc6 3. Bc4 Bc5 4. c3 Nf6 5. d3 d6 6. O-O a5 {C54: Giuoco Piano: 4 c3 Nf6, main lines with 5 d4 and 5 d3} 7. Re1 h6 8. Nbd2 {[%cal Bb1d2,Bd2f1,Bf1g3][%mdl 32]} O-O 9. Nf1 Be6 10. Bb5 Ne7 11. d4 Bb6 12. Ng3 exd4 13. cxd4 d5 14. e5 Ne4 $1 {[#]} 15. Bd3 $146 ({Predecessor:} 15. Nxe4 dxe4 16. Rxe4 {1-0 (31) Adhiban,B (2683)-Grandelius,N (2694) Astana 2019}) 15... Nxg3 16. hxg3 Qd7 17. Bc2 Bf5 18. Ba4 Qe6 19. Be3 Bh7 20. Rc1 Rad8 21. Rc3 Be4 22. Nd2 Nf5 23. Nb3 $1 f6 24. f3 (24. Nc5 $5 {[%cal Rc5e6]} Bxc5 25. Rxc5 $14 {[%mdl 64] Double Attack}) 24... Nxe3 25. Rcxe3 {[#] Threatens to win with exf6.} Bh7 26. Nc5 Bxc5 $1 27. dxc5 c6 28. Qd4 fxe5 {The position is equal.} 29. Rxe5 Qf6 30. Bb3 Rde8 31. a4 Bg6 32. Qc3 Rxe5 33. Rxe5 Kh7 34. f4 Re8 35. Rxe8 $1 Bxe8 36. Bc2+ Bg6 {[#] aiming for ...Qxc3.} 37. f5 Bh5 (37... Bf7 {feels hotter.} 38. Qb3 Qd4+ 39. Kh2 Qxc5 40. Qxb7 Qxc2 41. Qxf7 Qe4) 38. Qb3 d4 39. Bd3 Bg4 40. Qc2 Kh8 41. Kh2 Qe5 42. Qc4 Bxf5 43. Bxf5 Qxf5 44. Qxd4 $11 {[%mdl 4096] Endgame KQ-KQ} Kh7 45. g4 Qe6 46. Kg3 Kg6 47. Qc3 Qe4 48. b3 Kf7 49. Kh3 g5 50. Qg3 Qb4 51. Qc7+ Kg6 52. Qd6+ Kg7 53. Qe7+ Kg6 54. Qe3 Kf6 55. Kg3 Kf7 56. Kf3 Kf6 57. Kg3 Kf7 58. Qf2+ Kg7 59. Qe3 {Accuracy: White = 82%, Black = 60%.} 1/2-1/2